Pretty Girls (Record no. 6588)

MARC details
005 - DATE AND TIME OF LATEST TRANSACTION
control field 20250704062316.0
020 ## - INTERNATIONAL STANDARD BOOK NUMBER
International Standard Book Number 978-0-099-599444-9
082 ## - DEWEY DECIMAL CLASSIFICATION NUMBER
Classification number 813.54 SLA
100 ## - MAIN ENTRY--PERSONAL NAME
Author name SLAUGHTER,Karin
245 ## - TITLE STATEMENT
Title Pretty Girls
260 ## - PUBLICATION, DISTRIBUTION, ETC.
Place of publication, distribution, etc. New York
Name of publisher, distributor, etc. Arrow Books
Date of publication, distribution, etc. 2015
300 ## - PHYSICAL DESCRIPTION
Extent 533p.;ill
Dimensions 20cm.
942 ## - ADDED ENTRY ELEMENTS (KOHA)
Source of classification or shelving scheme Dewey Decimal Classification
Koha item type Books

No items available.